| 000 | 00671nam a2200229Ia 4500 | ||
|---|---|---|---|
| 999 |
_c41124 _d41124 |
||
| 001 | 7774 | ||
| 003 | GE_BSU | ||
| 005 | 20220926115438.0 | ||
| 008 | 181216s2011ge xx |||||||||||||| ||ger|| | ||
| 020 | _a978486596731 | ||
| 040 | _cGE_BSU | ||
| 041 | _ager | ||
| 080 | _a338.48 F-88 | ||
| 100 |
_aFrezer,Walter _914785 |
||
| 245 |
_aTourismus : _bEinführung in die Fremdenverkehsökonome / _cWalter Frezer. |
||
| 264 |
_aMünchen, _c2011. |
||
| 300 | _a578 p. 24cm. | ||
| 653 | _aEinführung in die Fremdenverkehsökonome | ||
| 653 | _aTourismus | ||
| 653 | _aშესავალი ტურიზმის ეკონომიკაში | ||
| 942 |
_cBK _2udc |
||